[Event "IND-ch U13 Girls 35th"]
[Site "Puducherry"]
[Date "2022.12.14"]
[Round "6"]
[White "Aadya, Gupta"]
[Black "Divya, Sharad Patil"]
[Result "1/2-1/2"]
[WhiteElo "1350"]
[BlackElo "1559"]
[PlyCount "101"]
[EventDate "2022.12.11"]
[EventType "swiss"]
[EventRounds "11"]
[EventCountry "IND"]
[SourceTitle "EXT 2024"]
[Source "ChessBase"]
[SourceDate "2023.10.10"]
[SourceVersion "1"]
[SourceVersionDate "2023.10.10"]
[SourceQuality "1"]

1. d4 d5 2. c4 c6 3. e3 Nf6 4. Nf3 e6 5. b3 Nbd7 6. Bb2 Bd6 7. Nbd2 0-0 8. Bd3 b6 9. Ne5 Bb7 10. f4 c5 11. 0-0 Ne4 12. Nxd7 Qxd7 13. Rf3 f5 14. Rh3 cxd4 15. Bxd4 Nxd2 16. Qxd2 Bc5 17. Re1 a5 18. Qb2 Rf7 19. Be2 dxc4 20. Bxc4 Bd5 21. Bxd5 Qxd5 22. Rf3 Rd7 23. a3 Rad8 24. Rf2 Qe4 25. Bxc5 bxc5 26. Qc2 Rd3 27. Rfe2 Qd5 28. Rc1 Rxb3 29. Qxc5 Qxc5 30. Rxc5 Rxa3 31. Rc7 a4 32. Ra7 Rd1+ 33. Kf2 Rda1 34. Kf3 R3a2 35. Rxa2 Rxa2 36. Re7 a3 37. Rxe6 Kf7 38. Ra6 Ra1 39. Kg3 a2 40. Kf2 Ke7 41. h3 g6 42. Kg3 Kf7 43. Kf2 h6 44. h4 Ke7 45. Kg3 Kd7 46. Kf2 Kc7 47. Kg3 Kb7 48. Ra3 Kc6 49. Ra5 Kb6 50. Ra8 Kc5 51. Kf2 1/2-1/2

[Event "IND-ch U13 Girls 35th"]
[Site "Puducherry"]
[Date "2022.12.13"]
[Round "5"]
[White "Divya, Sharad Patil"]
[Black "Amrutha, Varshini Damisetty"]
[Result "1-0"]
[WhiteElo "1559"]
[BlackElo "1410"]
[PlyCount "111"]
[EventDate "2022.12.11"]
[EventType "swiss"]
[EventRounds "11"]
[EventCountry "IND"]
[SourceTitle "EXT 2024"]
[Source "ChessBase"]
[SourceDate "2023.10.10"]
[SourceVersion "1"]
[SourceVersionDate "2023.10.10"]
[SourceQuality "1"]

1. e4 c5 2. Nf3 g6 3. d4 cxd4 4. Nxd4 Nc6 5. c4 Nf6 6. Nc3 d6 7. Be2 Nxd4 8. Qxd4 Bg7 9. 0-0 0-0 10. Qd3 Be6 11. Bd2 Nd7 12. b3 a6 13. Rac1 Ne5 14. Qg3 Nc6 15. f4 Nd4 16. Bd3 b5 17. f5 Bd7 18. Kh1 Rc8 19. Be3 Qe8 20. f6 Ne6 21. fxg7 Nxg7 22. Bh6 Rc5 23. Nd5 Be6 24. cxb5 Bxd5 25. Rxc5 dxc5 26. exd5 axb5 27. Qe3 c4 28. bxc4 bxc4 29. Bxg7 Kxg7 30. Bxc4 Qa4 31. Bb3 Qb5 32. Re1 e6 33. dxe6 fxe6 34. h3 Rf6 35. Bxe6 Qb2 36. Bb3 h5 37. Rd1 Qa3 38. Qe5 Qf8 39. Rf1 h4 40. Rxf6 Qxf6 41. Qxf6+ Kxf6 42. a4 Ke5 43. Kg1 Kd4 44. Kf2 Kc5 45. Kf3 Kb4 46. Kg4 g5 47. Kxg5 Ka5 48. Kxh4 Kb4 49. g4 Ka5 50. g5 Kb4 51. g6 Ka5 52. g7 Kb4 53. g8Q Ka5 54. Qb8 Ka6 55. Bc4+ Ka5 56. Qb5# 1-0

[Event "IND-ch U13 Girls 35th"]
[Site "Puducherry"]
[Date "2022.12.11"]
[Round "2"]
[White "Deeptha, Srinivas"]
[Black "Divya, Sharad Patil"]
[Result "0-1"]
[WhiteElo "1249"]
[BlackElo "1559"]
[PlyCount "164"]
[EventDate "2022.12.11"]
[EventType "swiss"]
[EventRounds "11"]
[EventCountry "IND"]
[SourceTitle "EXT 2024"]
[Source "ChessBase"]
[SourceDate "2023.10.10"]
[SourceVersion "1"]
[SourceVersionDate "2023.10.10"]
[SourceQuality "1"]

1. e4 e5 2. Nf3 Nc6 3. Bc4 Bc5 4. c3 Nf6 5. d4 exd4 6. e5 d5 7. Bb5 Ne4 8. cxd4 Bb6 9. 0-0 0-0 10. Nc3 Bg4 11. Bxc6 bxc6 12. Be3 Ba5 13. Na4 Rb8 14. Qc1 Rb4 15. b3 Qd7 16. Nd2 Rbb8 17. Nxe4 dxe4 18. Nc5 Qd5 19. Qc2 f5 20. exf6 Rxf6 21. Qxe4 Rg6 22. Qxd5+ cxd5 23. f3 Re8 24. fxg4 Rxe3 25. Nd7 Re8 26. Rf3 Rxg4 27. Raf1 Bb4 28. Ne5 Re4 29. Nc6 Bd6 30. Nxa7 Rxd4 31. Nb5 Rd2 32. Nxd6 cxd6 33. R3f2 Rd3 34. Rf7 h6 35. Rd7 Re2 36. Rxd6 Rxa2 37. Rb1 Kh7 38. b4 Rdd2 39. b5 Rxg2+ 40. Kh1 Rxh2+ 41. Kg1 Rag2+ 42. Kf1 Rd2 43. Kg1 Rdg2+ 44. Kf1 Rb2 45. Rxb2 Rxb2 46. Rxd5 Kg6 47. Rd6+ Kh5 48. b6 g5 49. Kg1 g4 50. Kh1 Kg5 51. b7 Rxb7 52. Rd2 h5 53. Kg2 Rf7 54. Rd5+ Rf5 55. Rd8 Ra5 56. Rd2 h4 57. Kh2 h3 58. Rd8 Ra2+ 59. Kg1 Kh4 60. Rd4 Rg2+ 61. Kh1 Re2 62. Ra4 Kg3 63. Ra3+ Kf2 64. Kh2 Re3 65. Ra2+ Kf3 66. Ra1 Re2+ 67. Kg1 g3 68. Ra3+ Re3 69. Ra1 Rd3 70. Re1 h2+ 71. Kh1 Kf2 72. Rf1+ Ke2 73. Kg2 Rd1 74. Rh1 Rxh1 75. Kxh1 Ke3 76. Kg2 h1Q+ 77. Kxh1 Kf3 78. Kg1 g2 79. Kh2 Kf2 80. Kh3 g1Q 81. Kh4 Qg6 82. Kh3 Qg3# 0-1